Visualização normal
Visualização MARC
Entrada Personal Name
Número de registros usados em: 1
001 - CONTROL NUMBER
- control field: 996
003 - CONTROL NUMBER IDENTIFIER
- control field: OSt
005 - DATE AND TIME OF LATEST TRANSACTION
- control field: 20251002144040.0
008 - FIXED-LENGTH DATA ELEMENTS
- fixed length control field: 251002|| aca||aabn | a|a d
040 ## - CATALOGING SOURCE
- Original cataloging agency: OSt
100 1# - HEADING--PERSONAL NAME
- Personal name: Copstein, Bernardo
670 ## - SOURCE DATA FOUND
- Source citation: Sec. de: Goodrich, Michael T. Estruturas de dados e algoritmos em Java, 2013.
- Information found: (tradutor)
675 ## - SOURCE DATA NOT FOUND
- Source citation: BN on-line (02-10-2025) LC on-line (02-10-2025) VIAF on-line (02-10-2025)
